书目信息 |
| 题名: |
太极拳对练
|
|
| 作者: | 沙国政 整理 | |
| 分册: | ||
| 出版信息: | 北京 人民体育出版社 1980 |
|
| 页数: | 91页 | |
| 开本: | 19cm | |
| 丛书名: | ||
| 单 册: | ||
| 中图分类: | G852.11 , G852.1 | |
| 科图分类: | ||
| 主题词: | 太极拳-对练 , 对练-太极拳 , 武术 , 民族形式体育 | |
| 电子资源: | ||
| ISBN: | ||
| 000 | 00778nam0 2200289 45 | |
| 001 | 0180001325 | |
| 005 | 20040506141746.8 | |
| 010 | @dCNY0.33 | |
| 091 | @a7015.1825 | |
| 100 | @a19950526d1980 em y0chiy0121 ea | |
| 101 | 0 | @achi |
| 102 | @aCN@b110000 | |
| 105 | @aa z 000yy | |
| 106 | @ar | |
| 200 | 10 | @a太极拳对练@Atai ji quan dui lian@f沙国政整理 |
| 210 | @a北京@c人民体育出版社@d1980 | |
| 215 | @a91页@d19cm | |
| 606 | @a太极拳-对练 | |
| 606 | @a对练-太极拳 | |
| 606 | 0 | @a武术 |
| 606 | 0 | @a民族形式体育 |
| 690 | @aG852.11@v3 | |
| 690 | @aG852.1 | |
| 701 | 0 | @a沙国政@Asha guo zheng@4整理 |
| 801 | 0 | @aCN@b上海图书馆@c20040506 |
| 801 | 2 | @aCN@bNLC@c20040506 |
| 905 | @f2@b209769-770@f1@b209797@f5@b139369-373@f2@b54961-962@f2@b54964-965@dG852.1@e22 | |
| 太极拳对练/沙国政整理.-北京:人民体育出版社,1980 |
| 91页;19cm |
| ISBN :CNY0.33 |
| ● |
| 相关链接 |
|
|
|
|
正题名:太极拳对练
索取号:G852.1/22
 
预约/预借
| 序号 | 登录号 | 条形码 | 馆藏地/架位号 | 状态 | 备注 |
| 1 | 0054961 | 000303914 | 第一样本阅览室/ [索取号:G852.1/22] | 在馆 | |
| 2 | 0054962 | 000303852 | 密集书库/ [索取号:G852.1/22] | 在馆 | |
| 3 | 0054964 | 000303861 | 密集书库/ [索取号:G852.1/22] | 在馆 | |
| 4 | 0054965 | 000303923 | 密集书库/ [索取号:G852.1/22] | 在馆 | |
| 5 | 0139369 | 000303870 | 密集书库/ [索取号:G852.1/22] | 在馆 | |
| 6 | 0139370 | 000303816 | 密集书库/ [索取号:G852.1/22] | 在馆 | |
| 7 | 0139371 | 000303781 | 密集书库/ [索取号:G852.1/22] | 在馆 | |
| 8 | 0139372 | 000303772 | 密集书库/ [索取号:G852.1/22] | 在馆 | |
| 9 | 0139373 | 000303843 | 密集书库/ [索取号:G852.1/22] | 在馆 | |
| 10 | 0209769 | 000303834 | 密集书库/ [索取号:G852.1/22] | 在馆 | |
| 11 | 0209770 | 000303825 | 密集书库/ [索取号:G852.1/22] | 在馆 | |
| 12 | 0209797 | 000303889 | 密集书库/ [索取号:G852.1/22] | 在馆 |